Légends de Smash Legends - Statistiques

Statistiques générales
  • Ce quiz a été pris 9 fois
  • Le résultat moyen est 32 sur 44
Statistiques - réponses
Rôle Legends % Correct
Assassin Ali
100%
Gardien Cindy
100%
Tireur d'élite Crochet
100%
Attaquant de zone Flare
100%
Assassin Maître Chat
100%
Assassin Neige
100%
Attaquant de zone Nui
100%
Attaquant de mêlée Peter
100%
Attaquant de zone Ravi
100%
Assassin Rouge
100%
Stratège Bouclette
75%
Stratège Briar
75%
Attaquant de mêlée Cane et Cygne
75%
Tireur d'élite Clovis
75%
Gardien Don Quichotte
75%
Assassin Grand Loup
75%
Tireur d'élite Hamelin
75%
Gardien Kaiser
75%
Assassin Kurenai
75%
Tireur d'élite Madame Letusse
75%
Attaquant de mêlée Parfait
75%
Attaquant de zone Pinocchio
75%
Attaquant de zone Proc
75%
Attaquant de mêlée Raiponce
75%
Stratège Reine Sorcière
75%
Tireur d'élite Robin
75%
Gardien Timun
75%
Assassin Woochi
75%
Attaquant de mêlée Wukong
75%
Gardien Yongyong
75%
Stratège Alice
50%
Attaquant de zone Aoi
50%
Stratège Brico
50%
Attaquant de mêlée Geppeta
50%
Tireur d'élite Gumi
50%
Attaquant de zone Jack
50%
Assassin Javert
50%
Stratège Loren et Vex
50%
Gardien Marina
50%
Gardien Maya
50%
Stratège Octavine
50%
Attaquant de zone Victor
50%
Attaquant de mêlée Molly
25%
Stratège Narsha
25%
Aucun quiz correspondant
Distribution des résultats
% des personnes avec chaque résultat
Percentile par nombre de réponses
Votre historique - résultats
Vous n’avez pas pris ce quiz